01006nam a22001937a 450000500170000000800410001702000150005805000150007311000300008824500630011826000340018130000170021550401030023250503190033565000270065465000290068170000550071070000470076520231102151850.0150915b1998 MX ||||| |||| 00| 0 spa d a9682434114 aHQ743bM37 aEn la comunidad encuentro aMatrimonio y familia, vol. 1c / En la comunidad encuentro aMéxicob : Trillasc , 1998 a94 páginas aIncluye: Índice de contenido Índice abalítico Nota introductoria para el manejo del material aMatromonio y sexualidad Presentación del programa y su metodología Dignidad del matrimonio Sexualidad en el matrimonio Relaciones conyugales La comunicación y la toma de decisiones en el matrimonio En matrimonio joven Educación sexual Educación de la efectividad Etapas en la educación de la sexualidad 0aMATRIMONIOxSEXUALIDAD 0aCOMUNICACIÓN EN PAREJA aGutiérrez de Fernández Cueto, Pazecolaborador aKawage de Quintana, Alejandraecolaborador